000
00296 a2200121 4500
001
147500
040
_c
Escola São Tomás de Aquino
240
1
0
_a
João e o pé de feijão
_l
por
245
1
0
_a
João e o pé de feijão
440
1
_a
Ciranda Cultural
697
_a
*LITERATURA INFANTO
942
_c
BK
999
_c
147500
_d
147500